Sports Quiz

Random Sports Quiz
Score 0/260 Timer 04:00
0 Plays Today
Year National team % Correct
2018France
98.9%
2018Brazil
98.9%
2018England
98.9%
2018Spain
98.9%
2017Brazil
98.9%
2017Germany
98.9%
2017Argentina
98.9%
2017France
98.9%
2016Argentina
98.9%
2016Germany
98.9%
2016France
98.9%
2016Spain
98.9%
2016Brazil
98.9%
2016Italy
98.9%
2015Argentina
98.9%
2015Germany
98.9%
2015Brazil
98.9%
2015England
98.9%
2014Germany
98.9%
2014Argentina
98.9%
2014Spain
98.9%
2014Brazil
98.9%
2014France
98.9%
2013Spain
98.9%
2013Germany
98.9%
2013Argentina
98.9%
2013Italy
98.9%
2013Brazil
98.9%
2012Spain
98.9%
2012Germany
98.9%
2012England
98.9%
2012Italy
98.9%
2012Argentina
98.9%
2011Spain
98.9%
2011Germany
98.9%
2011England
98.9%
2011Brazil
98.9%
2011Italy
98.9%
2011Argentina
98.9%
2010Spain
98.9%
2010Brazil
98.9%
2010Germany
98.9%
2010Argentina
98.9%
2010England
98.9%
2009Brazil
98.9%
2009Spain
98.9%
2009Germany
98.9%
2009Italy
98.9%
2009England
98.9%
2009Argentina
98.9%
2009France
98.9%
2008Spain
98.9%
2008Germany
98.9%
2008Italy
98.9%
2008Brazil
98.9%
2008Argentina
98.9%
2008England
98.9%
2007Argentina
98.9%
2007Brazil
98.9%
2007Italy
98.9%
2007Spain
98.9%
2007Germany
98.9%
2007France
98.9%
2006Brazil
98.9%
2006Italy
98.9%
2006Argentina
98.9%
2006France
98.9%
2006England
98.9%
2006Spain
98.9%
2006Germany
98.9%
2005Brazil
98.9%
2005Argentina
98.9%
2005England
98.9%
2005Spain
98.9%
2005France
98.9%
2004Brazil
98.9%
2004France
98.9%
2004Spain
98.9%
2004Argentina
98.9%
2004England
98.9%
2004Italy
98.9%
2003Brazil
98.9%
2003France
98.9%
2003Spain
98.9%
2003Argentina
98.9%
2003England
98.9%
2003Germany
98.9%
Year National team % Correct
2002Brazil
98.9%
2002Argentina
98.9%
2002Spain
98.9%
2002France
98.9%
2002Germany
98.9%
2002England
98.9%
2002Italy
98.9%
2001France
98.9%
2001Brazil
98.9%
2001Argentina
98.9%
2001Italy
98.9%
2001Germany
98.9%
2001Spain
98.9%
2000Brazil
98.9%
2000France
98.9%
2000Argentina
98.9%
2000Spain
98.9%
2000Italy
98.9%
1999Brazil
98.9%
1999France
98.9%
1999Italy
98.9%
1999Germany
98.9%
1999Argentina
98.9%
1999Spain
98.9%
1998Brazil
98.9%
1998France
98.9%
1998Germany
98.9%
1998Argentina
98.9%
1998Italy
98.9%
1998England
98.9%
1997Brazil
98.9%
1997Spain
98.9%
1997Germany
98.9%
1997England
98.9%
1997Italy
98.9%
1996Brazil
98.9%
1996Germany
98.9%
1996France
98.9%
1996Italy
98.9%
1996Spain
98.9%
1995Brazil
98.9%
1995Spain
98.9%
1995Germany
98.9%
1995Argentina
98.9%
1995Italy
98.9%
1994Brazil
98.9%
1994Italy
98.9%
1994Germany
98.9%
1994Spain
98.9%
1994Argentina
98.9%
1993Brazil
98.9%
1993Italy
98.9%
1993Germany
98.9%
1993England
98.9%
1993France
98.9%
2018Belgium
97.8%
2017Belgium
97.8%
2016Belgium
97.8%
2015Belgium
97.8%
2014Belgium
97.8%
2013Belgium
97.8%
2018Portugal
96.7%
2017Portugal
96.7%
2016Portugal
96.7%
2015Portugal
96.7%
2013Portugal
96.7%
2012Portugal
96.7%
2011Portugal
96.7%
2010Portugal
96.7%
2007Portugal
96.7%
2006Portugal
96.7%
2005Portugal
96.7%
2002Portugal
96.7%
2001Portugal
96.7%
2000Portugal
96.7%
1995Portugal
96.7%
2017Colombia
95.6%
2016Colombia
95.6%
2015Colombia
95.6%
2014Colombia
95.6%
2013Colombia
95.6%
1997Colombia
95.6%
2018Croatia
94.5%
2014Netherlands
94.5%
2013Netherlands
94.5%
2013Croatia
94.5%
2012Netherlands
94.5%
Year National team % Correct
2012Croatia
94.5%
2011Netherlands
94.5%
2011Croatia
94.5%
2010Netherlands
94.5%
2009Netherlands
94.5%
2009Croatia
94.5%
2008Netherlands
94.5%
2008Croatia
94.5%
2007Netherlands
94.5%
2007Croatia
94.5%
2006Netherlands
94.5%
2005Netherlands
94.5%
2005United States
94.5%
2004Netherlands
94.5%
2003Netherlands
94.5%
2003United States
94.5%
2002United States
94.5%
2001Netherlands
94.5%
2000Netherlands
94.5%
1999Croatia
94.5%
1998Croatia
94.5%
1998Netherlands
94.5%
1997Netherlands
94.5%
1996Netherlands
94.5%
1994Netherlands
94.5%
2018Uruguay
93.4%
2014Uruguay
93.4%
2012Uruguay
93.4%
2011Uruguay
93.4%
2010Uruguay
93.4%
2005Mexico
93.4%
2004Mexico
93.4%
2003Mexico
93.4%
2002Mexico
93.4%
1999Mexico
93.4%
1997Mexico
93.4%
1996Sweden
93.4%
1995Mexico
93.4%
1994Sweden
93.4%
2018Switzerland
91.2%
2017Switzerland
91.2%
2017Poland
91.2%
2014Switzerland
91.2%
1993Switzerland
91.2%
2017Chile
90.1%
2016Chile
90.1%
2015Chile
90.1%
2010Chile
90.1%
2009Russia
90.1%
2008Russia
90.1%
1997Russia
90.1%
1996Russia
90.1%
1995Russia
90.1%
1993Russia
90.1%
2018Denmark
86.8%
2012Denmark
86.8%
1997Denmark
86.8%
1996Denmark
86.8%
1995Denmark
86.8%
1993Denmark
86.8%
2004Turkey
81.3%
2003Turkey
81.3%
2008Czech Republic
79.1%
2007Czech Republic
79.1%
2006Czech Republic
79.1%
2005Czech Republic
79.1%
2004Czech Republic
79.1%
2001Czech Republic
79.1%
2000Czech Republic
79.1%
2000Yugoslavia
79.1%
1999Czech Republic
79.1%
1998Czech Republic
79.1%
1998Yugoslavia
79.1%
1996Czech Republic
79.1%
2000Norway
76.9%
1995Norway
76.9%
1994Norway
76.9%
1993Norway
76.9%
1993Republic of Ireland
76.9%
2001Paraguay
74.7%
2015Romania
72.5%
1999Romania
72.5%
1994Romania
72.5%
2015Wales
71.4%
2010Egypt
68.1%
1994Nigeria
68.1%
Remove Ads.
Support Sporcle.
Get the best of Sporcle when you Go Orange. This ad-free experience offers more features, more stats, and more fun while also helping to support Sporcle. Thank you for becoming a member.

You're not logged in!

Compare scores with friends on all Sporcle quizzes.
OR
Log In

Show Comments

Extras

Created Dec 16, 2018ReportNominate
Tags:August, FIFA, national, team

Top Quizzes Today


Score Distribution

Your Account Isn't Verified!

In order to create a playlist on Sporcle, you need to verify the email address you used during registration. Go to your Sporcle Settings to finish the process.

Report this User

Report this user for behavior that violates our Community Guidelines.

Details: